| 000 | 00450nam a2200181Ia 4500 | ||
|---|---|---|---|
| 005 | 20240823060917.0 | ||
| 008 | 240823s9999||||xx |||||||||||||| ||und|| | ||
| 041 | _aENGLISH | ||
| 082 | _A658 Q0 | ||
| 100 | _a"Koontz,Harols and Weihrich,Heniz" | ||
| 245 | 0 | _aEssentials of Management | |
| 250 | _a8th | ||
| 260 |
_c2010 _bMcGraw Hill Educ |
||
| 500 | _aTRANSFERED | ||
| 650 |
_aManagement _bManagement Studies |
||
| 942 | _cBK | ||
| 999 |
_c232262 _d232262 |
||